Geography - C - Statistics

General Stats
  • This quiz has been taken 44 times
  • The average score is 8 of 15
Answer Stats
Hint Answer % Correct
The capital of Australia. Canberra
98%
Named for a major lake at the edge of the Sahara. Chad
83%
The capital of Moldova. Chișinău
81%
City in Germany's industrial heart. Cologne
79%
Country that also borders the aforementioned lake. Cameroon
74%
Its English name is 'Ivory Coast'. Côte d'Ivoire
74%
The capital of Ohio. Columbus
69%
Another major city in the Sichuan Basin. Chengdu
57%
City on the eastern coast of Sicily. Catania
43%
Major city in the Sichuan Basin. Chongqing
38%
Major city just northwest of São Paulo. Campinas
26%
City bombarded by the British in 1807. Copenhagen
26%
The Latin name for what is now northeastern Libya. Cyrenaica
12%
Post-Classical maritime empire in southern India. Chola
10%
A city and state in central Mexico. Colima
2%
No matching quizzes found
Score Distribution
Percent of People with Each Score
Percentile by Number Answered
Your Score History
You have not taken this quiz